header

The Sicilian : (Record no. 256329)

MARC details
000 -LEADER
fixed length control field 00830cam a2200277 a 4500
001 - CONTROL NUMBER
control field 2841887
003 - CONTROL NUMBER IDENTIFIER
control field OSt
005 - DATE AND TIME OF LATEST TRANSACTION
control field 20170323090641.0
008 - FIXED-LENGTH DATA ELEMENTS--GENERAL INFORMATION
fixed length control field 840720s1984 nyu 000 1 eng
010 ## - LIBRARY OF CONGRESS CONTROL NUMBER
LC control number 84017087
020 ## - INTERNATIONAL STANDARD BOOK NUMBER
International Standard Book Number 0671435647 :
Terms of availability $17.95
040 ## - CATALOGING SOURCE
Original cataloging agency DLC
Transcribing agency DLC
Modifying agency DLC
-- OCoLC
-- DLC
050 00 - LIBRARY OF CONGRESS CALL NUMBER
Classification number PS3566.U9
Item number S5 1984
082 00 - DEWEY DECIMAL CLASSIFICATION NUMBER
Classification number 813/.54
Edition number 19
100 1# - MAIN ENTRY--PERSONAL NAME
Personal name Puzo, Mario,
Dates associated with a name 1920-1999.
245 14 - TITLE STATEMENT
Title The Sicilian :
Remainder of title a novel /
Statement of responsibility, etc by Mario Puzo.
260 ## - PUBLICATION, DISTRIBUTION, ETC. (IMPRINT)
Place of publication, distribution, etc New York :
Name of publisher, distributor, etc Linden Press/Simon & Schuster,
Date of publication, distribution, etc 1984.
300 ## - PHYSICAL DESCRIPTION
Extent 410 p. ;
Dimensions 24 cm.
650 #0 - SUBJECT ADDED ENTRY--TOPICAL TERM
Topical term or geographic name as entry element Mafia
General subdivision Fiction.
Topical term or geographic name as entry element Criminals
General subdivision Fiction.
Topical term or geographic name as entry element Organized crime
General subdivision Fiction.
651 #0 - SUBJECT ADDED ENTRY--GEOGRAPHIC NAME
Geographic name Sicily (Italy)
General subdivision Fiction.
655 #7 - INDEX TERM--GENRE/FORM
Genre/form data or focus term Detective and mystery stories.
Source of term gsafd
906 ## - LOCAL DATA ELEMENT F, LDF (RLIN)
a 7
b cbc
c orignew
d 1
e ocip
f 19
g y-gencatlg
942 ## - ADDED ENTRY ELEMENTS (KOHA)
Source of classification or shelving scheme Library of Congress Classification
Koha item type Long Loan Books
Holdings
Withdrawn status Lost status Source of classification or shelving scheme Damaged status Not for loan Collection code Home library Current library Shelving location Date acquired Total Checkouts Full call number Barcode Date last seen Price effective from Koha item type
    Library of Congress Classification     Fiction Rongo University Library Rongo University Library General Stacks 23/03/2017   PS3566.U9 S5 1984 201611522 23/03/2017 23/03/2017 Long Loan Books

© 2026 Rongo University
Contact us: librarian | system librarian | Rongo university